000 00604nam a22002177a 4500
003 OSt
005 20180316150058.0
008 180316b xxu||||| |||| 00| 0 eng d
020 _a9780273787099
040 _cDDC
082 _a003 HOF 2014
100 _aJeffrey A.Hoffer; Joey F. George; Joseph S. Valacich.
_912483
245 _aModern Systems Analysis and Design
250 _a7th ed.
260 _aBoston; Pearson, 2014
300 _a552p; col.ill: 28cm
504 _aReferences, glossary, & index included
650 _aSystems analysis
_9449
650 _aComputer
_9533
942 _2z
_cSLOAN
999 _c6045
_d6045